000 00496nam a22001937a 4500
003 MPLRDC
005 20220104123943.0
008 210129b ||||| |||| 00| 0 eng d
020 _a957-9592-10-1
082 _a177.2 MOLL-2
100 _aJOHN T.MOLLOY
245 _a重建自我. 成功出击
_c李华庆译
250 _a初版
260 _a
_b丝路出版社
_c1990
300 _b
490 _a经营管理. 15
650 _a应用心理学--成功法
942 _cBK
_o177.2 MOLL-2
999 _c15493
_d15483